Wales Squad UEFA Euro 2016 - Statistics

General Stats
  • This quiz has been taken 1,016 times
  • The average score is 14 of 24
Answer Stats
Position Answer % Correct
FWD Gareth Bale
99%
MID Aaron Ramsey
92%
DEF Ashley Williams
86%
MID George Williams
84%
FWD Hal Robson-Kanu
84%
MID Jonathon Williams
84%
GK Wayne Hennessey
77%
MID Joe Allen
75%
Manager Chris Coleman
72%
DEF Ben Davies
70%
FWD Sam Vokes
67%
DEF Neil Taylor
64%
DEF Chris Gunter
61%
MID Joe Ledley
59%
GK Daniel Ward
58%
DEF James Chester
50%
DEF James Collins
48%
MID Andy King
39%
FWD Simon Church
32%
GK Owain Fon Williams
30%
DEF Ashley Richards
27%
MID David Edwards
26%
FWD David Cotterill
16%
MID David Vaughan
16%
No matching quizzes found
Score Distribution
Percent of People with Each Score
Percentile by Number Answered
Your Score History
You have not taken this quiz